000 00784nam a2200217Ia 4500
001 3305
003 GE_BSU
008 181216s||||||||xx |||||||||||||| ||und||
040 _cGE_BSU
080 _a624.012.45
100 _aУлицкий,И.И. Ривкин,С.А. Самолетов,М.В. и др.
245 _aЖелезобетонные конструкции расчет и конструирование.
245 _cПод ред. С.А. Ривкина.
250 _aИзд. третье, перераб. и допол.
260 _aКиев.
260 _bБудiвельник.
260 _c1973.
300 _a784 стр. 27 см.
653 _aЖелезобетонные конструкции расчет и конструирование
942 _cBK
999 _c37346
_d37346